[Event "Wch Juvenil 2013 sub-14"]
[Site "Al-Ain UAE"]
[Date "2013.12.25"]
[Round "8.10"]
[White "Nguyen, Dang Hong Phuc"]
[Black "Hoon, Gideon Jakobus"]
[Result "1-0"]
[WhiteElo "1882"]
[BlackElo "1569"]
[PlyCount "83"]
[EventDate "2013.12.19"]
[EventType "swiss"]
[EventRounds "11"]
[EventCountry "UAE"]
[Source "lmi"]
[SourceDate "2013.12.19"]

1. d4 d5 2. Nf3 Nf6 3. c4 c6 4. Qb3 e6 5. g3 Qb6 6. c5 Qxb3 7. axb3 Nbd7 8. b4
b6 9. e3 b5 10. Bd2 Be7 11. Bc3 O-O 12. Nbd2 Bd8 13. Bd3 Bc7 14. Ke2 Re8 15. h3
a6 16. g4 e5 17. dxe5 Nxe5 18. Nxe5 Bxe5 19. Bxe5 Rxe5 20. Nf3 Re8 21. Nd4 Bd7
22. Bf5 Bxf5 23. gxf5 Rec8 24. Ra5 Nd7 25. Rg1 g6 26. h4 Kf8 27. h5 gxh5 28.
Rh1 Kg7 29. Rxh5 h6 30. Rh1 Nb8 31. Raa1 Rh8 32. Rh5 Ra7 33. Rg1+ Kf6 34. Rgh1
Kg7 35. f6+ Kg6 36. Rf5 Rg8 37. Rf3 Kh7 38. Nf5 Rg6 39. Ne7 Rxe7 40. fxe7 Re6
41. Rxf7+ Kg6 42. Rf8 1-0

[Event "Wch Juvenil 2013 sub-14"]
[Site "Al-Ain UAE"]
[Date "2013.12.25"]
[Round "8.10"]
[White "Xu, Minghui"]
[Black "Perske, Thore"]
[Result "1-0"]
[WhiteElo "2121"]
[BlackElo "2164"]
[PlyCount "79"]
[EventDate "2013.12.19"]
[EventType "swiss"]
[EventRounds "11"]
[EventCountry "UAE"]
[Source "lmi"]
[SourceDate "2013.12.19"]

1. e4 e6 2. d4 d5 3. Nd2 Be7 4. Bd3 c5 5. dxc5 Bxc5 6. exd5 Qxd5 7. Ngf3 Nf6 8.
Qe2 Nc6 9. O-O O-O 10. Nb3 Be7 11. Bg5 h6 12. c4 Qd6 13. Bd2 Rd8 14. Bc2 b6 15.
Rfe1 Qc7 16. a3 Ba6 17. Bc3 Rac8 18. Nbd2 Bc5 19. Ne4 Be7 20. b4 Bb7 21. Rac1
Nb8 22. Be5 Qc6 23. Nd4 Qe8 24. Nxf6+ Bxf6 25. Bxf6 gxf6 26. Qg4+ Kh8 27. Qf4
Qf8 28. Re3 f5 29. Nxf5 exf5 30. Qxf5 Qg7 31. Rg3 Rg8 32. Rxg7 Rxg7 33. Be4 Nc6
34. Qd7 f5 35. Qxf5 Nd4 36. Qh3 Ne2+ 37. Kf1 Nxc1 38. Qxh6+ Kg8 39. Bxb7 Rd8
40. Qxc1 1-0

[Event "Wch Juvenil 2013 sub-14"]
[Site "Al-Ain UAE"]
[Date "2013.12.25"]
[Round "8.11"]
[White "Anagnostakis, Charalampos"]
[Black "Dolinar, Jan"]
[Result "1/2-1/2"]
[WhiteElo "1542"]
[BlackElo "1828"]
[PlyCount "84"]
[EventDate "2013.12.19"]
[EventType "swiss"]
[EventRounds "11"]
[EventCountry "UAE"]
[Source "lmi"]
[SourceDate "2013.12.19"]

1. c4 e5 2. Nc3 Nf6 3. Nf3 Nc6 4. d3 d5 5. cxd5 Nxd5 6. g3 Be7 7. Bg2 Be6 8.
O-O O-O 9. Bd2 Qd7 10. a3 Nb6 11. b4 a6 12. Rc1 Bh3 13. Ne4 Bxg2 14. Kxg2 f5
15. Nc5 Bxc5 16. Rxc5 Qd6 17. Qb3+ Kh8 18. Ng5 Qe7 19. Qe6 Rae8 20. Qxe7 Rxe7
21. b5 axb5 22. Rxb5 Ra8 23. Be3 Nd4 24. Rxe5 Rxe5 25. Nf7+ Kg8 26. Nxe5 Nxe2
27. Kf3 Nc3 28. Rc1 Rxa3 29. Bxb6 cxb6 30. Nc4 Rb3 31. Nxb6 Rxb6 32. Rxc3 Kf7
33. Ke3 Kf6 34. Rc2 Rd6 35. Rb2 b6 36. Rb5 Ke6 37. Kd2 Rc6 38. d4 Rd6 39. Kd3
g6 40. Kc4 Rc6+ 41. Kd3 Rd6 42. Kc4 Rc6+ 1/2-1/2

[Event "Wch Juvenil 2013 sub-14"]
[Site "Al-Ain UAE"]
[Date "2013.12.25"]
[Round "8.11"]
[White "Lopez Mulet, Iñigo"]
[Black "Shahaliyev, Ismayil Bahram"]
[Result "0-1"]
[WhiteElo "2151"]
[BlackElo "2091"]
[PlyCount "108"]
[EventDate "2013.12.19"]
[EventType "swiss"]
[EventRounds "11"]
[EventCountry "UAE"]
[Source "lmi"]
[SourceDate "2013.12.19"]

1. d4 e6 2. c4 c5 3. d5 exd5 4. cxd5 d6 5. Nc3 g6 6. e4 Bg7 7. Nge2 Ne7 8. Bf4
a6 9. Qa4+ Bd7 10. Qb3 Qc7 11. Rd1 Nc8 12. a4 b5 13. axb5 O-O 14. Nc1 Nb6 15.
Be2 axb5 16. Bxb5 Na6 17. Bxd7 Nxd7 18. O-O Rfb8 19. Qc4 Rb4 20. Qe2 c4 21.
N1a2 Rb3 22. Rc1 Nb6 23. Rc2 Nc5 24. Nc1 Rb4 25. Re1 Rxb2 26. Rxb2 Bxc3 27. Rd1
Bxb2 28. Qxb2 Nxe4 29. Re1 f5 30. f3 Nxd5 31. Qd4 Nxf4 32. fxe4 Qa7 33. Qxa7
Rxa7 34. g3 Nh3+ 35. Kg2 Ng5 36. exf5 gxf5 37. h4 Ne4 38. Ne2 Ra2 39. Kf3 Kf7
40. Nd4 d5 41. Kf4 Rf2+ 42. Ke5 Nxg3 43. Kxd5 c3 44. Kc4 c2 45. Rc1 Kg6 46.
Rxc2 Rxc2+ 47. Nxc2 f4 48. Kd3 Kh5 49. Kd2 Kxh4 50. Ke1 Ne4 51. Nd4 Kg4 52. Kf1
f3 53. Kg1 h5 54. Nc6 Kg3 0-1

[Event "Wch Juvenil 2013 sub-14"]
[Site "Al-Ain UAE"]
[Date "2013.12.25"]
[Round "8.12"]
[White "Litvinov, Maxim"]
[Black "Kozusek, Daniel"]
[Result "0-1"]
[WhiteElo "2144"]
[BlackElo "2090"]
[PlyCount "78"]
[EventDate "2013.12.19"]
[EventType "swiss"]
[EventRounds "11"]
[EventCountry "UAE"]
[Source "lmi"]
[SourceDate "2013.12.19"]

1. e4 c5 2. Nf3 d6 3. d4 cxd4 4. Nxd4 Nf6 5. Nc3 a6 6. Be3 e5 7. Nb3 Be6 8. h3
h5 9. Qd2 b5 10. O-O-O Nbd7 11. f4 Be7 12. f5 Bc4 13. Kb1 Rc8 14. Bd3 Nb6 15.
Qf2 Nfd7 16. g4 b4 17. Ne2 Qc7 18. Ng3 h4 19. Nh5 Rh7 20. f6 Bxf6 21. Nxf6+
gxf6 22. Rhf1 a5 23. g5 a4 24. Nc1 a3 25. b3 Be6 26. Ne2 fxg5 27. Bxg5 Nc5 28.
Rc1 Nbd7 29. Rg1 Nf8 30. Bxh4 Ng6 31. Bg5 Rxh3 32. Rg3 Rxg3 33. Nxg3 Nd7 34.
Bd2 Nf4 35. Bb5 Qc5 36. Qf1 Qd4 37. Bxd7+ Bxd7 38. c3 Qxd2 39. Rc2 Qd3 0-1

[Event "Wch Juvenil 2013 sub-14"]
[Site "Al-Ain UAE"]
[Date "2013.12.25"]
[Round "8.12"]
[White "Mayed, Al-Rashedi"]
[Black "Liebert, Erwin"]
[Result "1/2-1/2"]
[WhiteElo "1820"]
[BlackElo "1526"]
[PlyCount "97"]
[EventDate "2013.12.19"]
[EventType "swiss"]
[EventRounds "11"]
[EventCountry "UAE"]
[Source "lmi"]
[SourceDate "2013.12.19"]

1. e4 e5 2. Nf3 Nc6 3. d4 exd4 4. Nxd4 Bc5 5. Nb3 Bb6 6. Nc3 Qf6 7. Qe2 Nge7 8.
Be3 d6 9. O-O-O Ne5 10. f3 Be6 11. g4 Qxf3 12. Qxf3 Nxf3 13. Bxb6 axb6 14. Be2
Ne5 15. h3 Bxb3 16. axb3 Ra1+ 17. Kd2 Rxd1+ 18. Rxd1 Kd7 19. Ra1 N7c6 20. Nd5
Nd4 21. Bd1 Rb8 22. Ke3 Ndc6 23. Be2 Ne7 24. Nf4 g6 25. Nd3 N7c6 26. c3 Nxd3
27. Bxd3 Ne5 28. Bc2 c6 29. b4 b5 30. Bb3 h6 31. Rf1 Ke7 32. Kd4 f6 33. Rf2 c5+
34. bxc5 dxc5+ 35. Ke3 b6 36. Bd5 Rf8 37. Rf1 Kd6 38. Rd1 Kc7 39. Ra1 Kd6 40.
Ra6 Nd7 41. Ra1 f5 42. gxf5 gxf5 43. Rf1 fxe4 44. Rxf8 Nxf8 45. Kxe4 Ne6 46. h4
c4 47. Bxe6 Kxe6 48. Kf4 Kf6 49. Ke4 1/2-1/2

[Event "Wch Juvenil 2013 sub-14"]
[Site "Al-Ain UAE"]
[Date "2013.12.25"]
[Round "8.13"]
[White "Boldoo, Erdenepurev"]
[Black "Asgharzadeh, M.Reza"]
[Result "1-0"]
[WhiteElo "2072"]
[BlackElo "2143"]
[PlyCount "81"]
[EventDate "2013.12.19"]
[EventType "swiss"]
[EventRounds "11"]
[EventCountry "UAE"]
[Source "lmi"]
[SourceDate "2013.12.19"]

1. d4 d5 2. c4 c6 3. Nc3 e6 4. e3 Nf6 5. Nf3 Nbd7 6. Qc2 h6 7. Bd3 Bd6 8. O-O
O-O 9. e4 dxc4 10. Bxc4 e5 11. Be3 Ng4 12. Rad1 Qe7 13. Bb3 exd4 14. Bxd4 Nde5
15. Bxe5 Nxe5 16. Nxe5 Bxe5 17. Ne2 Bc7 18. f4 Bg4 19. h3 Bb6+ 20. Kh2 Rad8 21.
Rxd8 Rxd8 22. Ng3 Be3 23. e5 Rd4 24. Qc3 Rxf4 25. Qxe3 Rxf1 26. Nxf1 Bf5 27.
Ng3 Bg6 28. e6 f5 29. Qd4 Kf8 30. Qd7 f4 31. Qxe7+ Kxe7 32. Ne2 Be4 33. Nxf4 b5
34. Kg3 g5 35. Ne2 a5 36. Nc3 Bd3 37. a4 b4 38. Nd1 c5 39. Ne3 Be4 40. Bc4 h5
41. h4 1-0

[Event "Wch Juvenil 2013 sub-14"]
[Site "Al-Ain UAE"]
[Date "2013.12.25"]
[Round "8.14"]
[White "Nigmatov, Ortik"]
[Black "Tomczak, Mikolaj"]
[Result "1-0"]
[WhiteElo "2023"]
[BlackElo "2133"]
[PlyCount "81"]
[EventDate "2013.12.19"]
[EventType "swiss"]
[EventRounds "11"]
[EventCountry "UAE"]
[Source "lmi"]
[SourceDate "2013.12.19"]

1. e4 c5 2. Nf3 Nc6 3. d4 cxd4 4. Nxd4 Nf6 5. Nc3 d6 6. Bg5 e6 7. Qd2 a6 8.
O-O-O Bd7 9. f3 Be7 10. g4 h5 11. gxh5 Rxh5 12. h4 Qc7 13. Be2 O-O-O 14. Qe3
Rhh8 15. Kb1 Kb8 16. f4 Nxd4 17. Qxd4 Bc6 18. h5 Ne8 19. Bxe7 Qxe7 20. Rhg1 Rc8
21. Qb4 Qc7 22. Rg5 Ka7 23. a4 b6 24. Qd4 Kb7 25. Qd3 a5 26. Rd2 Kb8 27. Nb5
Bxb5 28. Rxb5 Qc6 29. Qd4 Kb7 30. Bf3 Nc7 31. Rg5 Ne8 32. Rb5 Nc7 33. Rb3 Ne8
34. c4 Ka7 35. e5 dxe5 36. fxe5 Qc7 37. Rb5 Ka6 38. c5 Rb8 39. Qc4 Ka7 40.
cxb6+ Rxb6 41. Rxa5+ 1-0

[Event "Wch Juvenil 2013 sub-14"]
[Site "Al-Ain UAE"]
[Date "2013.12.25"]
[Round "8.15"]
[White "Martirosyan, Haik M"]
[Black "Gokerkan, Cem Kaan"]
[Result "1-0"]
[WhiteElo "2131"]
[BlackElo "1960"]
[PlyCount "133"]
[EventDate "2013.12.19"]
[EventType "swiss"]
[EventRounds "11"]
[EventCountry "UAE"]
[Source "lmi"]
[SourceDate "2013.12.19"]

1. d4 Nf6 2. Nf3 g6 3. Bf4 Bg7 4. e3 O-O 5. Be2 d6 6. h3 Nbd7 7. O-O b6 8. c4
Bb7 9. Nc3 c5 10. d5 a6 11. a4 Qc7 12. e4 Rfe8 13. Re1 Rad8 14. Bf1 Nh5 15. Bh2
Ne5 16. Nh4 e6 17. g4 g5 18. gxh5 gxh4 19. f4 Nd7 20. Bg2 Kh8 21. Kh1 Rg8 22.
h6 Bd4 23. Qh5 Nf6 24. Qxh4 Qe7 25. Bg3 e5 26. fxe5 Bxe5 27. Bxe5 Qxe5 28. Rf1
Rg5 29. Qf4 Qxf4 30. Rxf4 Nh5 31. Rxf7 Bc8 32. Kh2 Rdg8 33. Rg1 Bxh3 34. Kxh3
Nf6 35. Rg7 R8xg7 36. hxg7+ Kxg7 37. Ne2 Kf7 38. Bf3 Re5 39. Ng3 h6 40. Nf5 b5
41. axb5 axb5 42. Nxd6+ Ke7 43. Nxb5 Nxe4 44. Bxe4 Rxe4 45. b3 Re3+ 46. Rg3 Re2
47. Nc3 Re1 48. Na4 Kd6 49. Rg6+ Kc7 50. Nxc5 Rh1+ 51. Kg2 Rb1 52. Rxh6 Rb2+
53. Kf3 Rd2 54. Ke3 Rd1 55. Ke2 Ra1 56. b4 Ra2+ 57. Kd3 Ra3+ 58. Kd4 Rg3 59. b5
Rg4+ 60. Ne4 Rg1 61. c5 Rd1+ 62. Ke5 Rb1 63. b6+ Kb7 64. d6 Rd1 65. Rh7+ Kc6
66. Rc7+ Kb5 67. Nc3+ 1-0

[Event "Wch Juvenil 2013 sub-14"]
[Site "Al-Ain UAE"]
[Date "2013.12.25"]
[Round "8.16"]
[White "Santos Ruiz, Miguel"]
[Black "Tran, Minh Thang"]
[Result "1/2-1/2"]
[WhiteElo "2307"]
[BlackElo "2062"]
[PlyCount "83"]
[EventDate "2013.12.19"]
[EventType "swiss"]
[EventRounds "11"]
[EventCountry "UAE"]
[Source "lmi"]
[SourceDate "2013.12.19"]

1. e4 e6 2. d3 d5 3. Qe2 c5 4. Nf3 Nc6 5. g3 Nf6 6. Bg2 Be7 7. O-O b5 8. e5 Nd7
9. h4 a5 10. c3 b4 11. c4 Nb6 12. Bf4 Ra7 13. Nbd2 Rd7 14. a4 bxa3 15. Rxa3 O-O
16. Rfa1 Bb7 17. h5 Qc7 18. cxd5 Nxd5 19. Nc4 Nxf4 20. gxf4 Nd4 21. Nxd4 Rxd4
22. Bxb7 Qxb7 23. Rxa5 Rxf4 24. Ra7 Qd5 25. Rxe7 h6 26. Rc7 Rh4 27. f3 Qd8 28.
Rxc5 Qg5+ 29. Qg2 Qf4 30. Qf2 Rxh5 31. Ne3 Rh3 32. Rc4 Qxe5 33. Re4 Qh5 34. Qg2
Rxf3 35. Rf1 Rxf1+ 36. Nxf1 Rc8 37. b4 Rb8 38. Qh2 Qb5 39. Rg4 Kh7 40. Qg2 Rg8
41. Rc4 f5 42. Qg3 1/2-1/2

[Event "Wch Juvenil 2013 sub-14"]
[Site "Al-Ain UAE"]
[Date "2013.12.25"]
[Round "8.17"]
[White "Martinez Alcantara, Jose Eduar"]
[Black "Marek, Matyas"]
[Result "1-0"]
[WhiteElo "2301"]
[BlackElo "2055"]
[PlyCount "71"]
[EventDate "2013.12.19"]
[EventType "swiss"]
[EventRounds "11"]
[EventCountry "UAE"]
[Source "lmi"]
[SourceDate "2013.12.19"]

1. c4 c5 2. Nc3 Nc6 3. Nf3 Nd4 4. g3 Nxf3+ 5. exf3 g6 6. d4 cxd4 7. Qxd4 Nf6 8.
Bg2 Bg7 9. O-O O-O 10. f4 d6 11. Qd2 Rb8 12. b3 a6 13. Bb2 b5 14. cxb5 axb5 15.
Nd5 Nxd5 16. Bxg7 Kxg7 17. Bxd5 b4 18. Rfe1 e6 19. Bf3 d5 20. h4 Ba6 21. Qd4+
Qf6 22. Re5 Rfc8 23. Rae1 Kg8 24. Bg4 Qg7 25. h5 Rc7 26. h6 Qf8 27. f5 gxf5 28.
Bxf5 Qxh6 29. Bxe6 fxe6 30. Rxe6 Qg7 31. Qxd5 Qf7 32. Re8+ Rxe8 33. Rxe8+ Kg7
34. Qe5+ Qf6 35. Qxc7+ Kg6 36. Rg8+ 1-0

[Event "Wch Juvenil 2013 sub-14"]
[Site "Al-Ain UAE"]
[Date "2013.12.25"]
[Round "8.18"]
[White "Fedotov, Nikita"]
[Black "Shtembuliak, Evgeny"]
[Result "0-1"]
[WhiteElo "2045"]
[BlackElo "2263"]
[PlyCount "72"]
[EventDate "2013.12.19"]
[EventType "swiss"]
[EventRounds "11"]
[EventCountry "UAE"]
[Source "lmi"]
[SourceDate "2013.12.19"]

1. Nf3 Nf6 2. g3 g6 3. Bg2 Bg7 4. O-O O-O 5. c4 d6 6. Nc3 Nc6 7. a3 e5 8. d3
Re8 9. e4 Nd7 10. Be3 a5 11. Rb1 Nc5 12. b4 axb4 13. axb4 Ne6 14. Ne2 Bd7 15.
h3 Ra3 16. d4 exd4 17. Nexd4 Nexd4 18. Nxd4 Ne5 19. Qc2 Qa8 20. c5 h5 21. Rb3
Ra2 22. Qc3 Qa4 23. Rfb1 Ra8 24. cxd6 cxd6 25. Qc7 Ra1 26. Qxb7 Nc4 27. Kh2
Rxb1 28. Rxb1 Nxe3 29. fxe3 h4 30. e5 hxg3+ 31. Kh1 Re8 32. exd6 Rxe3 33. Nc6
Bxh3 34. Ne7+ Kh7 35. Rg1 Re2 36. Qa8 Qxa8 0-1

[Event "Wch Juvenil 2013 sub-14"]
[Site "Al-Ain UAE"]
[Date "2013.12.25"]
[Round "8.19"]
[White "Mamyrbay, Assad"]
[Black "Dolana, Andrei-Theodor"]
[Result "1/2-1/2"]
[WhiteElo "1904"]
[BlackElo "2210"]
[PlyCount "84"]
[EventDate "2013.12.19"]
[EventType "swiss"]
[EventRounds "11"]
[EventCountry "UAE"]
[Source "lmi"]
[SourceDate "2013.12.19"]

1. e4 c5 2. Nf3 e6 3. d4 cxd4 4. Nxd4 a6 5. Nc3 Qc7 6. Bd3 Nf6 7. f4 d6 8. O-O
Be7 9. Qf3 Nbd7 10. Be3 b5 11. Qg3 O-O 12. a3 Bb7 13. Rae1 Rfe8 14. Kh1 Rad8
15. Bg1 g6 16. f5 e5 17. Nf3 Nh5 18. Qf2 Nf4 19. fxg6 fxg6 20. Ne2 Rf8 21. Nxf4
Rxf4 22. Qd2 Nc5 23. Qc3 Rc8 24. Be3 Rf7 25. Ng5 Rxf1+ 26. Rxf1 Bxg5 27. Bxg5
Bxe4 28. Bh6 Bxd3 29. cxd3 Ne6 30. Qb3 Qd7 31. Qd5 Kh8 32. Rf6 Re8 33. h3 Qe7
34. Rf1 g5 35. Rf5 g4 36. Kh2 Rg8 37. g3 gxh3 38. Kxh3 Qd7 39. Kh2 Rg6 40. Qa8+
Rg8 41. Qd5 Rd8 42. Qf3 Kg8 1/2-1/2

[Event "Wch Juvenil 2013 sub-14"]
[Site "Al-Ain UAE"]
[Date "2013.12.25"]
[Round "8.20"]
[White "Maghsoodloo, Parham"]
[Black "Sevgi, Volkan"]
[Result "1-0"]
[WhiteElo "2199"]
[BlackElo "2007"]
[PlyCount "71"]
[EventDate "2013.12.19"]
[EventType "swiss"]
[EventRounds "11"]
[EventCountry "UAE"]
[Source "lmi"]
[SourceDate "2013.12.19"]

1. Nf3 f5 2. d4 Nf6 3. Bg5 e6 4. Nbd2 d5 5. h4 Be7 6. e3 O-O 7. c4 c6 8. a3
Nbd7 9. Be2 Qe8 10. Qc2 Ne4 11. Bf4 Bf6 12. Nxe4 fxe4 13. Ne5 Nxe5 14. dxe5 Be7
15. h5 Bd7 16. f3 c5 17. cxd5 exd5 18. O-O-O Ba4 19. b3 Bc6 20. fxe4 d4 21.
Bc4+ Kh8 22. e6 b5 23. Bd5 Rc8 24. Kb1 h6 25. Be5 c4 26. exd4 Bxd5 27. exd5
Bxa3 28. Rh3 cxb3 29. Qxb3 b4 30. Qe3 Kh7 31. Rg3 Rg8 32. Qe4+ Kh8 33. Rg6 Bc1
34. Rxc1 Rxc1+ 35. Kxc1 Qc8+ 36. Kb1 1-0

[Event "Wch Juvenil 2013 sub-14"]
[Site "Al-Ain UAE"]
[Date "2013.12.25"]
[Round "8.21"]
[White "Baskin, Robert"]
[Black "Hoang, Harry"]
[Result "1-0"]
[WhiteElo "2190"]
[BlackElo "1990"]
[PlyCount "79"]
[EventDate "2013.12.19"]
[EventType "swiss"]
[EventRounds "11"]
[EventCountry "UAE"]
[Source "lmi"]
[SourceDate "2013.12.19"]

1. e4 e5 2. Nf3 Nf6 3. Nxe5 d6 4. Nf3 Nxe4 5. d3 Nf6 6. d4 d5 7. Bd3 Bd6 8. O-O
O-O 9. Bg5 Bg4 10. Nbd2 Nbd7 11. c4 c6 12. c5 Be7 13. Re1 Re8 14. Qc2 Bh5 15.
Re2 Bg6 16. Bxg6 hxg6 17. Rae1 Nf8 18. Bxf6 gxf6 19. h4 Qd7 20. h5 Kg7 21. Qd3
Nh7 22. Qe3 g5 23. Qd3 Bf8 24. Nf1 Rxe2 25. Qxe2 b6 26. b4 a5 27. a3 axb4 28.
axb4 Ra4 29. Qd2 Qa7 30. Ne3 Ra1 31. Nf5+ Kg8 32. Rxa1 Qxa1+ 33. Qe1 Qa7 34.
Qe8 bxc5 35. bxc5 Qb7 36. g4 Qc7 37. h6 Qf4 38. Ne7+ Kh8 39. Qxf7 Qxg4+ 40. Kf1
1-0

[Event "Wch Juvenil 2013 sub-14"]
[Site "Al-Ain UAE"]
[Date "2013.12.25"]
[Round "8.22"]
[White "Papadopoulos, Argirios"]
[Black "Liu, Xiangyi"]
[Result "1-0"]
[WhiteElo "2005"]
[BlackElo "2136"]
[PlyCount "81"]
[EventDate "2013.12.19"]
[EventType "swiss"]
[EventRounds "11"]
[EventCountry "UAE"]
[Source "lmi"]
[SourceDate "2013.12.19"]

1. e4 e6 2. d4 d5 3. e5 c5 4. c3 Nc6 5. Nf3 Qb6 6. a3 c4 7. Nbd2 Na5 8. g3 Bd7
9. Bg2 Ne7 10. O-O f6 11. Rb1 O-O-O 12. Qc2 Be8 13. Qd1 Bg6 14. Ra1 f5 15. Ng5
h6 16. Nh3 Be8 17. f4 Rg8 18. Re1 g5 19. Nf1 g4 20. Nf2 h5 21. Qe2 h4 22. Ne3
Bh6 23. Nfd1 Ng6 24. b4 Nb3 25. Nxc4 Qa6 26. Nd6+ Rxd6 27. exd6 Qxe2 28. Rxe2
Nxa1 29. Rxe6 hxg3 30. hxg3 Bc6 31. b5 Bd7 32. Bxd5 Bxb5 33. Rf6 Bg7 34. Rf7
Kd8 35. Rxb7 Re8 36. Rxb5 Kd7 37. Ne3 Rxe3 38. Bxe3 Kxd6 39. Bc4 Nc2 40. Bc1
Ne7 41. Kf1 1-0

[Event "Wch Juvenil 2013 sub-14"]
[Site "Al-Ain UAE"]
[Date "2013.12.25"]
[Round "8.23"]
[White "Baterdene, Tsogbayar"]
[Black "Acsinte, Matei-Ionut"]
[Result "1-0"]
[WhiteElo "1816"]
[BlackElo "2094"]
[PlyCount "80"]
[EventDate "2013.12.19"]
[EventType "swiss"]
[EventRounds "11"]
[EventCountry "UAE"]
[Source "lmi"]
[SourceDate "2013.12.19"]

1. e4 c5 2. Nf3 d6 3. d4 cxd4 4. Nxd4 Nf6 5. Nc3 a6 6. Be2 e5 7. Nb3 Be7 8. O-O
O-O 9. a4 Be6 10. f4 Qc7 11. Kh1 Nbd7 12. Qe1 Rac8 13. f5 Bc4 14. g4 d5 15.
Bxc4 Qxc4 16. Nd2 Qc6 17. g5 Nxe4 18. f6 Bb4 19. Ncxe4 dxe4 20. c3 Ba5 21. fxg7
Kxg7 22. Qxe4 f5 23. gxf6+ Nxf6 24. Qxc6 Rxc6 25. Nf3 Ng4 26. h3 e4 27. Rg1
Rxf3 28. Rxg4+ Rg6 29. Rxg6+ hxg6 30. b4 Bc7 31. Kg2 Rg3+ 32. Kf2 Rxh3 33. Be3
Rh2+ 34. Kg1 Be5 35. Re1 Rc2 36. Bd4 Bxd4+ 37. cxd4 Rc4 38. Rxe4 Rxb4 39. a5
Kf6 40. Rf4+ Ke6 1-0

[Event "Wch Juvenil 2013 sub-14"]
[Site "Al-Ain UAE"]
[Date "2013.12.25"]
[Round "8.24"]
[White "Petrov, Vladimir Sergeev"]
[Black "Turar, Dastan"]
[Result "0-1"]
[WhiteElo "2076"]
[BlackElo "1890"]
[PlyCount "108"]
[EventDate "2013.12.19"]
[EventType "swiss"]
[EventRounds "11"]
[EventCountry "UAE"]
[Source "lmi"]
[SourceDate "2013.12.19"]

1. e4 e6 2. d4 d5 3. Nd2 Be7 4. Ngf3 Nf6 5. e5 Nfd7 6. Bd3 c5 7. c3 Nc6 8. O-O
g5 9. dxc5 Ndxe5 10. Bb5 Bd7 11. Re1 Ng6 12. Nb3 g4 13. Bxc6 bxc6 14. Ne5 Nxe5
15. Rxe5 h5 16. f4 Qc7 17. Qe1 Bf6 18. Re2 O-O-O 19. Nd4 Rde8 20. Qf1 h4 21.
Be3 e5 22. Nc2 Rh5 23. Rae1 Rf5 24. g3 Rh8 25. Qg2 hxg3 26. hxg3 Rfh5 27. Bc1
Bf5 28. fxe5 Be7 29. b4 Be4 30. Rxe4 dxe4 31. Qxe4 f5 32. Qg2 Qd7 33. Nd4 Qd5
34. Qxd5 cxd5 35. Kf2 Rh2+ 36. Ke3 Bg5+ 37. Kd3 Bxc1 38. Rxc1 f4 39. Nf5 fxg3
40. Rg1 Rf8 41. Ne7+ Kd8 42. Nxd5 Rf3+ 43. Ne3 Rxa2 44. c6 Kc7 45. b5 Rb2 46.
Ra1 Rxb5 47. Ke4 Kxc6 48. Nxg4 Rxc3 49. Rxa7 Rb4+ 50. Kf5 Rf3+ 51. Kg5 g2 52.
Ra6+ Kb7 53. Ra1 Rxg4+ 54. Kxg4 Rf1 0-1

[Event "Wch Juvenil 2013 sub-14"]
[Site "Al-Ain UAE"]
[Date "2013.12.25"]
[Round "8.26"]
[White "Zhao, Juncheng"]
[Black "Mesaros, Florian"]
[Result "1-0"]
[WhiteElo "1963"]
[BlackElo "2196"]
[PlyCount "63"]
[EventDate "2013.12.19"]
[EventType "swiss"]
[EventRounds "11"]
[EventCountry "UAE"]
[Source "lmi"]
[SourceDate "2013.12.19"]

1. e4 c6 2. c4 d5 3. cxd5 cxd5 4. exd5 Nf6 5. d4 Nxd5 6. Nf3 Nc6 7. Nc3 Bg4 8.
Be2 e6 9. O-O Be7 10. h3 Bh5 11. Be3 O-O 12. Qb3 Nxe3 13. fxe3 Bxf3 14. Bxf3
Qd7 15. Ne4 Rac8 16. Rfd1 Na5 17. Qd3 Qc7 18. b3 e5 19. d5 Bd6 20. Rac1 Qe7 21.
Qb5 b6 22. Nxd6 Qxd6 23. b4 Nb7 24. Rc6 Qd7 25. d6 Rfd8 26. a4 Rxc6 27. Bxc6
Qc8 28. d7 Qc7 29. Qd5 Kf8 30. Bxb7 Ke7 31. Bc6 a6 32. a5 1-0

[Event "Wch Juvenil 2013 sub-14"]
[Site "Al-Ain UAE"]
[Date "2013.12.25"]
[Round "8.27"]
[White "Viswanadha, Kesav"]
[Black "Ahn, Hongjin"]
[Result "1/2-1/2"]
[WhiteElo "2169"]
[BlackElo "1907"]
[PlyCount "140"]
[EventDate "2013.12.19"]
[EventType "swiss"]
[EventRounds "11"]
[EventCountry "UAE"]
[Source "lmi"]
[SourceDate "2013.12.19"]

1. e4 c5 2. Nf3 Nc6 3. d4 cxd4 4. Nxd4 Qb6 5. Nb3 Nf6 6. Nc3 e6 7. Be3 Qc7 8.
a3 Be7 9. Be2 a6 10. O-O b5 11. f4 d6 12. Bf3 Bb7 13. Qe2 O-O 14. Qf2 Nd7 15.
Rad1 Rac8 16. Kh1 Rfd8 17. a4 b4 18. Ne2 Na5 19. Ned4 Nc4 20. Bc1 Nc5 21. Nxc5
dxc5 22. Ne2 Rxd1 23. Rxd1 Rd8 24. Rd3 b3 25. Nc3 Na5 26. Be3 bxc2 27. Qxc2 Nc4
28. Bc1 Na5 29. e5 Rxd3 30. Qxd3 c4 31. Qe2 Bxf3 32. Qxf3 Qc6 33. Qd1 h6 34. h3
Bb4 35. Na2 Bf8 36. Be3 Nb3 37. Nc3 Bb4 38. Kh2 Bxc3 39. bxc3 Qe4 40. Qe1 Nc5
41. Qd2 Qd3 42. Qc1 Ne4 43. Bd4 Nd2 44. Qe1 Nb3 45. Be3 Qd7 46. Qg3 Qd3 47. Qe1
Na1 48. Bc5 Nb3 49. Be3 h5 50. Bb6 Nd2 51. Bd4 Nf1+ 52. Kg1 Ng3 53. Kf2 h4 54.
a5 Nf5 55. Be3 Ng3 56. Bd4 Qc2+ 57. Kf3 Kh7 58. Bb6 Kg6 59. Bf2 Qd3+ 60. Kg4
Qf5+ 61. Kf3 Qd3+ 62. Kg4 Nf5 63. Bb6 Qd5 64. Qe2 Qc6 65. Qf3 Qd7 66. Qe2 Qc6
67. Qf3 Qc8 68. Qe2 Qa8 69. Bc5 Qd5 70. Bb6 Qc6 1/2-1/2

[Event "Wch Juvenil 2013 sub-14"]
[Site "Al-Ain UAE"]
[Date "2013.12.25"]
[Round "8.28"]
[White "Thybo, Jesper Sondergaard"]
[Black "Manukyan, Artyom"]
[Result "0-1"]
[WhiteElo "2147"]
[BlackElo "1890"]
[PlyCount "86"]
[EventDate "2013.12.19"]
[EventType "swiss"]
[EventRounds "11"]
[EventCountry "UAE"]
[Source "lmi"]
[SourceDate "2013.12.19"]

1. d4 d5 2. c4 e6 3. Nf3 Nf6 4. g3 Be7 5. Bg2 O-O 6. O-O dxc4 7. Qc2 a6 8. Qxc4
b5 9. Qc2 Bb7 10. Bd2 Ra7 11. Rd1 Be4 12. Qc1 Nbd7 13. Ba5 Qa8 14. Nbd2 Bd5 15.
b4 Nb8 16. Qc2 Ne4 17. Bf1 Nxd2 18. Nxd2 f5 19. Re1 Nc6 20. Qc3 Bd6 21. Rac1
Nxa5 22. bxa5 Bxa2 23. e4 fxe4 24. Nxe4 Be7 25. Bh3 Bd5 26. Nc5 Bxc5 27. dxc5
Rf6 28. c6 Qf8 29. Qe5 Qf7 30. Rc2 Ra8 31. Rce2 Rd8 32. Bg2 Bc4 33. Rc2 Qe7 34.
Be4 Qd6 35. Qh5 h6 36. Qg4 Qd4 37. h4 Bb3 38. Rce2 Bd1 39. Rxd1 Qxd1+ 40. Kg2
Rd2 41. Bf3 Rxe2 42. Bxe2 Qd5+ 43. Bf3 Qxf3+ 0-1

[Event "Wch Juvenil 2013 sub-14"]
[Site "Al-Ain UAE"]
[Date "2013.12.25"]
[Round "8.29"]
[White "Abbasov, Zaur Shahin"]
[Black "Nikitenko, Mihail"]
[Result "0-1"]
[BlackElo "2125"]
[PlyCount "90"]
[EventDate "2013.12.19"]
[EventType "swiss"]
[EventRounds "11"]
[EventCountry "UAE"]
[Source "lmi"]
[SourceDate "2013.12.19"]
[WhiteElo "1882"]

1. d4 d5 2. c4 c6 3. Nf3 Nf6 4. Qb3 dxc4 5. Qxc4 e6 6. Nc3 b5 7. Qb3 Be7 8. g3
Bb7 9. Bg2 a6 10. O-O O-O 11. Rd1 Nbd7 12. Bf4 Qb6 13. Ne5 Rfd8 14. Rac1 Nxe5
15. Bxe5 Ng4 16. h3 Nxe5 17. dxe5 Qc7 18. f4 c5 19. Qc2 c4 20. Bxb7 Qxb7 21.
Ne4 Qb6+ 22. Kg2 Qe3 23. Nd6 f6 24. Qe4 Qxe4+ 25. Nxe4 fxe5 26. fxe5 Rd5 27.
Rxd5 exd5 28. Nd2 Kf7 29. Nf3 Ke6 30. Rd1 Bc5 31. Ng5+ Kxe5 32. Nf7+ Kf6 33.
Rxd5 Ba3 34. bxa3 Kxf7 35. a4 b4 36. Rc5 c3 37. a5 Ke6 38. e4 Rd8 39. Rc4 Rd2+
40. Kf3 Rb2 41. a3 bxa3 42. Rxc3 a2 43. Ra3 Rb3+ 44. Rxb3 a1=Q 45. Rb6+ Ke5 0-1